Central Library OPAC University of Rajshahi

Network analysis / (Record no. 12819)

MARC details
000 -LEADER
fixed length control field 00956cam a22003011 4500
001 - CONTROL NUMBER
control field 12819
003 - CONTROL NUMBER IDENTIFIER
rucl marc code BD-RjUL
005 - DATE AND TIME OF LATEST TRANSACTION
control field 20211208235348.0
008 - FIXED-LENGTH DATA ELEMENTS--GENERAL INFORMATION
fixed length control field 140129s1964 njua b 001 0 eng
035 ## - SYSTEM CONTROL NUMBER
System control number (BD-RjUL)12869
-- (OCoLC)00711223
System control number GLIS00162648
040 ## - CATALOGING SOURCE
Original cataloging agency DLC
Transcribing agency DLC
Modifying agency BD-RjUL
Language of cataloging eng
041 ## - LANGUAGE CODE
Language code of text/sound track or separate title eng
082 04 - DEWEY DECIMAL CLASSIFICATION NUMBER
Edition number 23
Classification number 621.3192
Author mark and year VAN 1964
100 1# - MAIN ENTRY--PERSONAL NAME
Personal name Van Valkenburg, M. E.
Fuller form of name (Mac Elwyn),
Dates associated with a name 1921-1997.
9 (RLIN) 39947
245 10 - TITLE STATEMENT
Title Network analysis /
Statement of responsibility, etc. M. E. Van Valkenburg.
250 ## - EDITION STATEMENT
Edition statement 2d ed.
260 ## - PUBLICATION, DISTRIBUTION, ETC. (IMPRINT)
Place of publication, distribution, etc. Englewood Cliffs ; N.J. :
Name of publisher, distributor, etc. Prentice-Hall,
Date of publication, distribution, etc. c1964.
300 ## - PHYSICAL DESCRIPTION
Pagination xv, 492 p. :
Illustrations illus. ;
Size 23 cm.
490 1# - SERIES STATEMENT
Series statement Prentice-Hall electrical engineering series
Series statement Networks series
504 ## - BIBLIOGRAPHY, ETC. NOTE
Bibliography, etc Include bibliography and index.
650 #0 - SUBJECT ADDED ENTRY--TOPICAL TERM
Topical term or geographic name as entry element Electric networks.
9 (RLIN) 38743
830 #0 - SERIES ADDED ENTRY--UNIFORM TITLE
Uniform title Prentice-Hall electrical engineering series.
Uniform title Networks series.
942 ## - ADDED ENTRY ELEMENTS (KOHA)
Source of classification or shelving scheme Dewey Decimal Classification
Koha item type Books
Holdings
Lost status Source of classification or shelving scheme Damaged status Not for loan Collection code Permanent Location Current Location Shelving location Date acquired Source of acquisition Total Checkouts Full call number Date last seen Copy number Koha item type Cost, normal purchase price
  Dewey Decimal Classification     Non-fiction Central Library, University of Rajshahi Central Library, University of Rajshahi   15/06/1983 Asia foundation   621.3192 VAN 1964 29/01/2014 C-3 Books  
  Dewey Decimal Classification   Not For Loan Non-fiction Central Library, University of Rajshahi Central Library, University of Rajshahi Reading Room 16/10/1970 Zeitlinger   621.3192 VAN 1964 25/03/2017 C-1 Books 0.00